|
|
|
|
| LEADER |
01424nam a22003252a 4500 |
| 001 |
000120977 |
| 003 |
CZ BrMZK |
| 005 |
20080208141232.0 |
| 007 |
ta |
| 008 |
950101s1990 xr f cze d |
| 040 |
|
|
|a BOA001
|b cze
|
| 080 |
9 |
|
|a 519.8
|
| 100 |
1 |
|
|a Pavelka, František,
|d 1931-1999
|7 jn20001005529
|4 aut
|
| 245 |
1 |
0 |
|a Sbírka příkladů z operační analýzy /
|b František Pavelka
|
| 250 |
|
|
|a 2., přeprac. vyd.
|
| 260 |
|
|
|a Brno :
|b Vysoké učení technické,
|c 1990
|
| 300 |
|
|
|a 126 s.
|
| 490 |
1 |
|
|a Učební texty vysokých škol
|
| 504 |
|
|
|a Obsahuje bibliografii
|
| 550 |
|
|
|a Vyd.: Vysoké učení technické v Brně, Technologická fakulta
|
| 710 |
2 |
|
|a Vysoké učení technické v Brně.
|b Technologická fakulta
|
| 810 |
2 |
|
|a Vysoké učení technické v Brně.
|b Technologická fakulta.
|t Učební texty
|0 s
|
| 910 |
|
|
|a BOA001
|b 4-0961.496
|b TK-A-0245.850
|
| 964 |
|
|
|a Analýza operační - příklady - sbírky - školy vysoké
|
| 990 |
|
|
|a BK
|
| 991 |
|
|
|b 200801
|
| 996 |
6 |
|
|b 2619929111
|c 4-0961.496
|l MZK
|r Sklad / do 1 hodiny
|n 1
|w 000120977
|u 000020
|a 1
|e BOA001
|j MZK50
|s P
|
| 996 |
7 |
|
|b 2619969127
|c 4-0961.496
|l MZK
|r Sklad / do 1 hodiny
|n 6
|w 000120977
|u 000010
|a 1
|e BOA001
|j MZK50
|s A
|
| 996 |
7 |
|
|b 2629981556
|c TK-A-0245.850
|l MZK
|r Sklad / do 24 hodin
|n 1
|w 000120977
|u 000030
|a 1
|e BOA001
|j MZK50
|s A
|
| 996 |
7 |
|
|b 2629985717
|c TK-A-0245.850
|l MZK
|r Sklad / do 24 hodin
|n 1
|w 000120977
|u 000040
|a 1
|e BOA001
|j MZK50
|s A
|